Životní prostředí a jeho ochrana

Salvato in:
Dettagli Bibliografici
Autore principale: Anděl, Alois
Natura: Libro
Lingua:ceco
Pubblicazione: Krnov Konzulex 1992
Edizione:1. vyd.
Soggetti:
Tags: Aggiungi Tag
Nessun Tag, puoi essere il primo ad aggiungerne!!

MARC

LEADER 00000nam a2200000 4500
001 c001693
005 20221214091146.8
020 |a 80-85299-05-4 
041 0 |a cze 
044 |a CZ 
245 1 0 |a Životní prostředí a jeho ochrana  |c Alois Anděl 
250 |a 1. vyd. 
264 1 |a Krnov  |b Konzulex  |c 1992 
300 |a 258 s. 
610 2 0 |a ochrana prostredia životného 
610 2 0 |a zákonodarstvo 
610 2 0 |a ČSFR 
610 2 0 |a 1992 
610 2 0 |a ochrana prírody 
610 2 0 |a znečistenie vôd 
610 2 0 |a vyhlášky 
610 2 0 |a smernice 
610 2 0 |a znečistenie ovzdušia 
610 2 0 |a zákony 
100 1 |a Anděl, Alois